000 00512nam a2200193Ia 4500
008 220531s9999 xx 000 0 und d
041 _aeng
082 _bPAT
100 _aPatil, S. R. &. Others
_959404
245 _aLaplace Transform And Fourier Series (mathematics Paper-ii)
250 _a1ST
260 _aPune
_bNirali
_c2014
300 _aA.29
542 _d03-07-2014
551 _aScience
_bNon-grant-SCI
650 _aMathematics
_959405
906 _d2014-2015
_f234
999 _c33987
_d33987